<?xml version="1.0" encoding="UTF-8"?>
<record
    xmlns:xsi="http://www.w3.org/2001/XMLSchema-instance"
    xsi:schemaLocation="http://www.loc.gov/MARC21/slim http://www.loc.gov/standards/marcxml/schema/MARC21slim.xsd"
    xmlns="http://www.loc.gov/MARC21/slim">

  <leader>01475nam a22002297a 4500</leader>
  <controlfield tag="005">20220131095919.0</controlfield>
  <controlfield tag="008">220131b           ||||| |||| 00| 0 eng d</controlfield>
  <datafield tag="020" ind1=" " ind2=" ">
    <subfield code="a">0553100874</subfield>
  </datafield>
  <datafield tag="040" ind1=" " ind2=" ">
    <subfield code="c">AL</subfield>
  </datafield>
  <datafield tag="041" ind1=" " ind2=" ">
    <subfield code="a">eng</subfield>
  </datafield>
  <datafield tag="082" ind1=" " ind2=" ">
    <subfield code="2">23</subfield>
    <subfield code="a">813.54</subfield>
    <subfield code="b">QUIW</subfield>
  </datafield>
  <datafield tag="100" ind1=" " ind2=" ">
    <subfield code="a">Amanda Quick</subfield>
    <subfield code="9">15230</subfield>
  </datafield>
  <datafield tag="245" ind1=" " ind2=" ">
    <subfield code="a">Wicked Widow</subfield>
  </datafield>
  <datafield tag="260" ind1=" " ind2=" ">
    <subfield code="a">New York</subfield>
    <subfield code="b">Bantam Books</subfield>
    <subfield code="c">2000</subfield>
  </datafield>
  <datafield tag="300" ind1=" " ind2=" ">
    <subfield code="a">vi,297 p.</subfield>
    <subfield code="b">HB</subfield>
    <subfield code="c">24x16 cm.</subfield>
  </datafield>
  <datafield tag="365" ind1=" " ind2=" ">
    <subfield code="b">23.95</subfield>
    <subfield code="c">$</subfield>
    <subfield code="d">23.95</subfield>
  </datafield>
  <datafield tag="520" ind1=" " ind2=" ">
    <subfield code="a">Madeline Deveridge is aware of the whispers behind her back, the rumors that she dispatched her husband to the next world and concealed her crime. But she has a far more pressing problem than her reputation as the Wicked Widow. It's impossible to believe that her late husband is haunting her and her aunt, but something odd is happening, and Madeline doesn't dare take chances. Summoning the brilliant, reclusive Artemas Hunt, secret owner of London's favorite pleasure pavilions and master of arcane talents, she blackmails him into providing help. As soon as the bargain is struck, Artemas and Madeline find their arrangement complicated by searing desire, and the frightening recognition that the ghost poses a very real danger. Now they must plunge into a world of intrigue and ancient mysteries, where a calculating killer--and a tantalizing passion--will not be denied.</subfield>
  </datafield>
  <datafield tag="650" ind1=" " ind2=" ">
    <subfield code="a">American English Fiction</subfield>
    <subfield code="9">15227</subfield>
  </datafield>
  <datafield tag="650" ind1=" " ind2=" ">
    <subfield code="a">American English Literature</subfield>
    <subfield code="9">15228</subfield>
  </datafield>
  <datafield tag="700" ind1=" " ind2=" ">
    <subfield code="a">QUICK (Amanda)</subfield>
    <subfield code="9">15229</subfield>
  </datafield>
  <datafield tag="942" ind1=" " ind2=" ">
    <subfield code="2">ddc</subfield>
    <subfield code="c">GF</subfield>
  </datafield>
  <datafield tag="999" ind1=" " ind2=" ">
    <subfield code="c">221387</subfield>
    <subfield code="d">221387</subfield>
  </datafield>
  <datafield tag="952" ind1=" " ind2=" ">
    <subfield code="0">0</subfield>
    <subfield code="1">0</subfield>
    <subfield code="2">ddc</subfield>
    <subfield code="4">0</subfield>
    <subfield code="7">0</subfield>
    <subfield code="8">ENG</subfield>
    <subfield code="a">AL</subfield>
    <subfield code="b">AL</subfield>
    <subfield code="d">2013-03-24</subfield>
    <subfield code="l">0</subfield>
    <subfield code="o">813.54 QUIW</subfield>
    <subfield code="p">GF02404</subfield>
    <subfield code="r">2022-01-31 00:00:00</subfield>
    <subfield code="w">2022-01-31</subfield>
    <subfield code="y">GF</subfield>
  </datafield>
</record>
